Problemas de la ciencia y la técnica II : enajenación /

Đã lưu trong:
Chi tiết về thư mục
Tác giả khác: Fromm, Erich (autor) (autor)
Định dạng: Sách
Ngôn ngữ:Tiếng Tây Ban Nha
Được phát hành: México : ITAM, Departamento Académico de Estudios Generales, 1972
Các nhãn: Thêm thẻ
Không có thẻ, Là người đầu tiên thẻ bản ghi này!

MARC

LEADER 00000nam^a2200000^a^4500
001 000572408
005 20250521000000.0
009 20260310132307.556
037 |a Acervo ITESO - Biblioteca 
041 |a ESP 
091 |a FGM. 04617 
245 0 0 |a Problemas de la ciencia y la técnica II :  |b enajenación / 
264 1 |a México :  |b ITAM, Departamento Académico de Estudios Generales,  |c 1972 
300 |a 245 p. 
336 |a texto  |b txt  |2 rdacontenido 
337 |a sin mediación  |b n  |2 rdamedio 
338 |a volumen  |b nc  |2 rdasoporte 
649 |a XX 
700 |a Fromm, Erich  |e (autor) 
910 |a Fondo Efraín González Morfín 
920 |a Impresos - Libros 
930 |a Fondos Especiales 
905 |a 130 
901 |a 0500391505  |b IT2  |c ESL  |i D91385  |u 20250521 
902 |a https://opac.biblio.iteso.mx/vufind/Record/000572408